[Event "World Amateur-ch"]
[Site "Mellieha"]
[Date "2022.10.29"]
[Round "9"]
[White "Popiol, Michal"]
[Black "Bigabylov, Zhuban"]
[Result "0-1"]
[WhiteElo "2177"]
[BlackElo "1881"]
[PlyCount "74"]
[EventDate "2022.10.21"]
[EventType "swiss"]
[EventRounds "9"]
[EventCountry "MLT"]
[SourceTitle "EXT 2024"]
[Source "ChessBase"]
[SourceDate "2023.10.10"]
[SourceVersion "1"]
[SourceVersionDate "2023.10.10"]
[SourceQuality "1"]

1. c4 Nf6 2. Nc3 g6 3. g3 Bg7 4. Bg2 0-0 5. e4 d6 6. Nge2 e5 7. 0-0 Be6 8. d3 Qd7 9. Nd5 c6 10. Nxf6+ Bxf6 11. Bh6 Re8 12. Nc3 Bh3 13. Qd2 Bd8 14. f4 f6 15. f5 Bxg2 16. Kxg2 Qf7 17. h4 Kh8 18. Nd1 Bb6 19. fxg6 Qxg6 20. Be3 Rg8 21. Qf2 Bd8 22. Qf3 Nd7 23. Bf2 Bb6 24. Bxb6 axb6 25. Ne3 Rgf8 26. Nf5 Nc5 27. b4 Ne6 28. a4 Rad8 29. a5 d5 30. axb6 dxc4 31. dxc4 Nf4+ 32. Kh1 Rd3 33. Qf2 Rfd8 34. Ra2 Qg4 35. Qg1 Rd2 36. Rf2 Rd1 37. Rfd2 Qh3+ 0-1

[Event "World Amateur-ch"]
[Site "Mellieha"]
[Date "2022.10.28"]
[Round "8"]
[White "Abdilkhair, Abilmansur"]
[Black "Popiol, Michal"]
[Result "1-0"]
[WhiteElo "2257"]
[BlackElo "2177"]
[PlyCount "91"]
[EventDate "2022.10.21"]
[EventType "swiss"]
[EventRounds "9"]
[EventCountry "MLT"]
[SourceTitle "EXT 2024"]
[Source "ChessBase"]
[SourceDate "2023.10.10"]
[SourceVersion "1"]
[SourceVersionDate "2023.10.10"]
[SourceQuality "1"]

1. e4 c5 2. Nf3 d6 3. d4 cxd4 4. Nxd4 Nf6 5. Nc3 a6 6. Be3 e5 7. Nb3 Be7 8. f3 Be6 9. Qd2 h5 10. Nd5 Nxd5 11. exd5 Bf5 12. 0-0-0 Nd7 13. Kb1 a5 14. a4 Rc8 15. Rc1 b6 16. Ba6 Rc7 17. Bb5 Kf8 18. f4 Bf6 19. Rhf1 e4 20. Ka2 Nc5 21. Nd4 Qc8 22. Nc6 Rh6 23. Rfe1 Rg6 24. Re2 Qb7 25. Bxc5 bxc5 26. Rce1 Kg8 27. Nxa5 Qa8 28. Rxe4 Bxe4 29. Rxe4 Rc8 30. Nc6 Qb7 31. Qe2 Qa8 32. a5 Kh7 33. a6 Rg4 34. h3 Rg3 35. Qxh5+ Kg8 36. Qf5 Rxg2 37. Bd3 Rg6 38. Qd7 Rg3 39. Bb5 g6 40. a7 Kg7 41. Ba6 Rb8 42. axb8Q Qxa6+ 43. Na5 Qxa5+ 44. Qa4 Qd2 45. Qaa8 Kh6 46. Qh8+ 1-0

[Event "World Amateur-ch"]
[Site "Mellieha"]
[Date "2022.10.21"]
[Round "1"]
[White "Popiol, Michal"]
[Black "Lochte, Thomas"]
[Result "1-0"]
[WhiteElo "2177"]
[BlackElo "1999"]
[PlyCount "71"]
[EventDate "2022.10.21"]
[EventType "swiss"]
[EventRounds "9"]
[EventCountry "MLT"]
[SourceTitle "EXT 2024"]
[Source "ChessBase"]
[SourceDate "2023.10.10"]
[SourceVersion "1"]
[SourceVersionDate "2023.10.10"]
[SourceQuality "1"]

1. d4 Nf6 2. Nc3 d5 3. Bf4 Bf5 4. f3 e6 5. g4 Bg6 6. h4 h6 7. e3 Bd6 8. Nh3 a6 9. Bxd6 Qxd6 10. Nf4 Bh7 11. g5 Ng8 12. Qd2 Nc6 13. 0-0-0 b5 14. Bd3 Bxd3 15. Nxd3 hxg5 16. hxg5 Rxh1 17. Rxh1 Na5 18. Qh2 0-0-0 19. Qxd6 cxd6 20. Rh7 Nc4 21. Nd1 Ne7 22. b3 Na5 23. Rxg7 Rf8 24. Kd2 Nac6 25. c3 Nf5 26. Rh7 Rg8 27. f4 Rg7 28. Rh8+ Kc7 29. N1f2 Ng3 30. Rh3 Ne4+ 31. Nxe4 dxe4 32. Nf2 d5 33. Ng4 Rg8 34. Rh7 Nd8 35. Nh6 Kd6 36. Nxg8 1-0

[Event "POL-chT 2nd League"]
[Site "Jastrzebia Gora"]
[Date "2022.09.11"]
[Round "9.21"]
[White "Popiol, Michal"]
[Black "Krainski, Slawomir"]
[Result "1-0"]
[WhiteElo "2183"]
[BlackElo "1982"]
[PlyCount "59"]
[EventDate "2022.09.03"]
[EventType "team-swiss"]
[EventRounds "9"]
[EventCountry "POL"]
[SourceTitle "CBM 210 Extra"]
[Source "ChessBase"]
[SourceDate "2022.11.30"]
[SourceVersion "1"]
[SourceVersionDate "2022.11.30"]
[SourceQuality "1"]
[WhiteTeam "Bydgoszcz Wiartrak"]
[BlackTeam "Grudziadz Rotmistrz"]
[WhiteTeamCountry "POL"]
[BlackTeamCountry "POL"]

1. d4 d5 2. Nc3 e6 3. Bf4 a6 4. e3 c5 5. a3 Nf6 6. g4 cxd4 7. exd4 Nc6 8. g5 Nd7 9. Nf3 b5 10. h4 Nb6 11. Ne5 Bd7 12. Rg1 Rc8 13. h5 Nxe5 14. Bxe5 Rg8 15. Qf3 Nc4 16. Bxc4 Rxc4 17. Kf1 Be7 18. Qe3 Qb6 19. Rg3 Bd6 20. Nxd5 exd5 21. Bxd6+ Kd8 22. Qe7+ Kc8 23. Qxf7 Re8 24. Bc5 Qb7 25. Kg1 Rxc2 26. Qxg7 Qc7 27. Qf6 Ree2 28. Qxa6+ Qb7 29. Qxb7+ Kxb7 30. Rf1 1-0

[Event "POL-chT 2nd League"]
[Site "Jastrzebia Gora"]
[Date "2022.09.07"]
[Round "5.34"]
[White "Popiol, Michal"]
[Black "Palacki, Rafal"]
[Result "1/2-1/2"]
[WhiteElo "2183"]
[BlackElo "1860"]
[PlyCount "72"]
[EventDate "2022.09.03"]
[EventType "team-swiss"]
[EventRounds "9"]
[EventCountry "POL"]
[SourceTitle "CBM 210 Extra"]
[Source "ChessBase"]
[SourceDate "2022.11.30"]
[SourceVersion "1"]
[SourceVersionDate "2022.11.30"]
[SourceQuality "1"]
[WhiteTeam "Bydgoszcz Wiartrak"]
[BlackTeam "Sanovia Lesko"]
[WhiteTeamCountry "POL"]
[BlackTeamCountry "POL"]

1. d4 d5 2. Nf3 Nf6 3. g3 Nc6 4. Bg2 Bf5 5. 0-0 e6 6. c4 Be7 7. cxd5 exd5 8. Nc3 Ne4 9. Be3 0-0 10. Nd2 Nxc3 11. bxc3 Na5 12. f3 b5 13. Bf2 b4 14. cxb4 Bxb4 15. e4 Be6 16. e5 Qd7 17. f4 Bh3 18. Nf3 Bxg2 19. Kxg2 Nc4 20. Qd3 f5 21. exf6 Rxf6 22. Ne5 Qe6 23. Rac1 Nd2 24. Rfd1 Ne4 25. Rxc7 Bd6 26. Rc2 Rh6 27. h4 Rf8 28. Rh1 Rhf6 29. Be1 Qf5 30. Re2 Kh8 31. a3 Bxe5 32. dxe5 Rg6 33. Qxd5 Nxg3 34. Bxg3 Rxg3+ 35. Kxg3 Qxf4+ 36. Kh3 Qf5+ 1/2-1/2

[Event "Titled Tuesday intern op 30th Aug Early"]
[Site "Chess.com INT"]
[Date "2022.08.30"]
[Round "11"]
[White "De Souza, Cristiano Gomes"]
[Black "Popiol, Michal"]
[Result "1-0"]
[WhiteElo "2018"]
[BlackElo "2163"]
[PlyCount "147"]
[EventDate "2022.08.30"]
[EventType "swiss (blitz)"]
[EventRounds "11"]
[EventCountry "USA"]
[SourceTitle "EXT 2023"]
[Source "ChessBase"]
[SourceDate "2022.10.05"]
[SourceVersion "1"]
[SourceVersionDate "2022.10.05"]
[SourceQuality "1"]

1. d4 Nf6 2. c4 g6 3. Nf3 Bg7 4. Nc3 d6 5. e4 0-0 6. Be2 e5 7. 0-0 Nc6 8. d5 Ne7 9. Ne1 Nd7 10. Be3 f5 11. f3 f4 12. Bf2 g5 13. Nb5 b6 14. b4 a6 15. Nc3 a5 16. a3 Ng6 17. Nd3 Rf7 18. c5 Nf6 19. Rc1 axb4 20. axb4 h5 21. Nb2 Bf8 22. cxb6 cxb6 23. Nc4 Rb8 24. Nb5 g4 25. Nxb6 Ba6 26. Nxd6 Bxd6 27. Bxa6 g3 28. Bc5 Rxb6 29. Bd3 Rxb4 30. Bxb4 Qb6+ 31. Kh1 Qxb4 32. Rc8+ Kg7 33. Qc2 Nh4 34. Rb1 Qd4 35. Rd8 Bc5 36. Rc8 Ba7 37. d6 Qxd6 38. Bc4 Re7 39. Bd5 Nxd5 40. exd5 Bd4 41. Rc6 Qxd5 42. Rc7 Qf7 43. Rxe7 Qxe7 44. hxg3 fxg3 45. Qe4 Qf6 46. Rb7+ Kh6 47. Rc7 Qg6 48. Rc6 Kg5 49. Rxg6+ Nxg6 50. Qc6 Nf4 51. Qc1 h4 52. Qc8 Kh5 53. Qg4+ Kh6 54. Qf5 Ng6 55. Qe4 Kg7 56. f4 Nxf4 57. Qf5 Ng6 58. Qg5 Kf7 59. Qh5 Kg7 60. Qg4 Kf6 61. Qf3+ Kg5 62. Qd3 Nf4 63. Qh7 Ng6 64. Qg8 Kf5 65. Qb3 Kg5 66. Qc2 Nf4 67. Qe4 Kg4 68. Qf3+ Kf5 69. Qb7 Nd3 70. Qd7+ Ke4 71. Qg4+ Ke3 72. Qxh4 Nf2+ 73. Kg1 Ne4 74. Kf1 1-0

[Event "Titled Tuesday intern op 30th Aug Early"]
[Site "Chess.com INT"]
[Date "2022.08.30"]
[Round "6"]
[White "Popiol, Michal"]
[Black "Mitrovic, Darko R"]
[Result "1-0"]
[WhiteElo "2163"]
[BlackElo "2223"]
[PlyCount "111"]
[EventDate "2022.08.30"]
[EventType "swiss (blitz)"]
[EventRounds "11"]
[EventCountry "USA"]
[SourceTitle "EXT 2023"]
[Source "ChessBase"]
[SourceDate "2022.10.05"]
[SourceVersion "1"]
[SourceVersionDate "2022.10.05"]
[SourceQuality "1"]

1. d4 Nf6 2. c4 e6 3. g3 Bb4+ 4. Nd2 0-0 5. Bg2 d6 6. Ngf3 Nc6 7. 0-0 Bxd2 8. Bxd2 e5 9. Bc3 e4 10. Nd2 Bf5 11. e3 Qd7 12. Qc2 Rae8 13. b4 Bh3 14. Nxe4 Nxe4 15. Bxe4 Bxf1 16. Bxh7+ Kh8 17. Bf5 Qe7 18. Rxf1 Qg5 19. Kg2 a5 20. b5 Nb4 21. Qb1 Nxa2 22. Bxa5 Ra8 23. Bd2 Ra4 24. Bc2 Ra3 25. Bb3 Rfa8 26. Qc2 c6 27. bxc6 bxc6 28. c5 dxc5 29. dxc5 Qg4 30. e4 Qe2 31. Bc4 Nb4 32. Bxe2 Nxc2 33. Bf4 Nd4 34. Bg4 Rc3 35. Bd6 Ra2 36. e5 Rcc2 37. h4 Ne6 38. Bxe6 fxe6 39. Kf3 Kg8 40. h5 Kh7 41. g4 Kh6 42. Be7 Ra3+ 43. Kg2 Raa2 44. Kg3 g6 45. g5+ Kh7 46. h6 Ra3+ 47. f3 Raa2 48. Bf6 Rg2+ 49. Kf4 Ra4+ 50. Ke3 Rb2 51. Rd1 Ra3+ 52. Kf4 Rb4+ 53. Kg3 Rbb3 54. Rd7+ Kg8 55. h7+ Kf8 56. h8R# 1-0

[Event "Titled Tuesday intern op 30th Aug Early"]
[Site "Chess.com INT"]
[Date "2022.08.30"]
[Round "1"]
[White "Popiol, Michal"]
[Black "Vlassov, Nikolai"]
[Result "1-0"]
[WhiteElo "2163"]
[BlackElo "2283"]
[PlyCount "129"]
[EventDate "2022.08.30"]
[EventType "swiss (blitz)"]
[EventRounds "11"]
[EventCountry "USA"]
[SourceTitle "EXT 2023"]
[Source "ChessBase"]
[SourceDate "2022.10.05"]
[SourceVersion "1"]
[SourceVersionDate "2022.10.05"]
[SourceQuality "1"]

1. d4 Nf6 2. c4 Nc6 3. Nf3 e6 4. g3 Bb4+ 5. Nbd2 d6 6. Bg2 e5 7. d5 Bxd2+ 8. Bxd2 Ne7 9. 0-0 0-0 10. Bg5 Ng6 11. e4 h6 12. Bxf6 Qxf6 13. Rc1 Bg4 14. h3 Bxf3 15. Qxf3 Qxf3 16. Bxf3 b6 17. h4 Rfd8 18. a3 a5 19. b3 Nf8 20. Ra1 g6 21. b4 Ra7 22. c5 axb4 23. axb4 Rda8 24. Rxa7 Rxa7 25. cxb6 cxb6 26. Rc1 Ra4 27. Rc6 Rxb4 28. Rxd6 Rb1+ 29. Kg2 b5 30. Bg4 Rb4 31. Kf3 Rd4 32. Ke3 Kg7 33. Be2 b4 34. f4 f6 35. h5 g5 36. fxe5 fxe5 37. Bg4 Nh7 38. Rg6+ Kf7 39. Be6+ Ke8 40. Rxh6 Nf8 41. Rh8 Ke7 42. h6 b3 43. h7 Rxe4+ 44. Kd2 b2 45. Kc2 Re2+ 46. Kb1 Rh2 47. Bf5 g4 48. Bc2 Nxh7 49. Rxh7+ Rxh7 50. Bxh7 Kd6 51. Be4 Kc5 52. Kxb2 Kd4 53. d6 Kxe4 54. d7 Kf3 55. d8Q Kxg3 56. Kc2 e4 57. Qg5 Kf3 58. Qf5+ Kg3 59. Qxe4 Kh3 60. Kd2 g3 61. Ke2 g2 62. Qf3+ Kh2 63. Qh5+ Kg3 64. Qg5+ Kh2 65. Kf2 1-0

[Event "Suwalki Warakomska Memorial 6th"]
[Site "Suwalki"]
[Date "2022.08.07"]
[Round "6"]
[White "Dziewonski, Dariusz"]
[Black "Popiol, Michal"]
[Result "0-1"]
[WhiteElo "2077"]
[BlackElo "2163"]
[PlyCount "64"]
[EventDate "2022.08.03"]
[EventType "swiss"]
[EventRounds "9"]
[EventCountry "POL"]
[SourceTitle "CBM 209 Extra"]
[Source "ChessBase"]
[SourceDate "2022.09.30"]
[SourceVersion "1"]
[SourceVersionDate "2022.09.30"]
[SourceQuality "1"]

1. e4 c5 2. Nf3 d6 3. d4 cxd4 4. Nxd4 Nf6 5. Nc3 a6 6. f4 e5 7. Nb3 Be7 8. fxe5 dxe5 9. Qxd8+ Bxd8 10. Be3 Nbd7 11. 0-0-0 b5 12. Be2 Bb7 13. Bf3 Rc8 14. Rd2 h5 15. a3 Be7 16. Rhd1 Bxa3 17. Nxb5 Bxb2+ 18. Kxb2 axb5 19. Rd6 Ke7 20. Bg5 Rc7 21. R1d2 Rhc8 22. Bxh5 Bxe4 23. Bg4 Rxc2+ 24. Ka3 b4+ 25. Kxb4 Rb8+ 26. Ka3 Rxd2 27. Rxd2 Nb6 28. Be2 Bxg2 29. Nc5 Bd5 30. Rb2 Nc4+ 31. Bxc4 Rb4 32. Rb3 Rxb3+ 0-1

[Event "Suwalki Warakomska Memorial 6th"]
[Site "Suwalki"]
[Date "2022.08.05"]
[Round "3"]
[White "Popiol, Michal"]
[Black "Kacprzak, Kacper"]
[Result "1/2-1/2"]
[WhiteElo "2163"]
[BlackElo "2273"]
[PlyCount "46"]
[EventDate "2022.08.03"]
[EventType "swiss"]
[EventRounds "9"]
[EventCountry "POL"]
[SourceTitle "CBM 209 Extra"]
[Source "ChessBase"]
[SourceDate "2022.09.30"]
[SourceVersion "1"]
[SourceVersionDate "2022.09.30"]
[SourceQuality "1"]

1. Nf3 d5 2. d4 Nf6 3. g3 e6 4. Bg2 b5 5. 0-0 Be7 6. b3 0-0 7. c4 bxc4 8. bxc4 c5 9. dxc5 Bxc5 10. Nbd2 Nbd7 11. cxd5 Nxd5 12. Nb3 Be7 13. Nfd4 Bb7 14. Bd2 Rc8 15. Ba5 N7b6 16. Rc1 Qd7 17. e4 Nf6 18. Qe2 Qa4 19. e5 Nfd5 20. Qb5 a6 21. Qxa4 Nxa4 22. Rxc8 Rxc8 23. Rc1 Rxc1+ 1/2-1/2

[Event "Suwalki Warakomska Memorial 6th"]
[Site "Suwalki"]
[Date "2022.08.03"]
[Round "1"]
[White "Popiol, Michal"]
[Black "Klimkowski, Jan"]
[Result "0-1"]
[WhiteElo "2163"]
[BlackElo "2423"]
[PlyCount "96"]
[EventDate "2022.08.03"]
[EventType "swiss"]
[EventRounds "9"]
[EventCountry "POL"]
[SourceTitle "CBM 209 Extra"]
[Source "ChessBase"]
[SourceDate "2022.09.30"]
[SourceVersion "1"]
[SourceVersionDate "2022.09.30"]
[SourceQuality "1"]

1. d4 Nf6 2. c4 e6 3. Nf3 c5 4. g3 cxd4 5. Nxd4 d5 6. Bg2 e5 7. Nf3 d4 8. 0-0 Nc6 9. e4 Be7 10. Ne1 h5 11. h3 Be6 12. b3 h4 13. g4 Nd7 14. Nd3 g5 15. Na3 Nb4 16. Nc2 Nxd3 17. Qxd3 a5 18. Qd1 Qb6 19. Bd2 0-0 20. Ne1 a4 21. Rb1 axb3 22. axb3 Ra2 23. Nd3 f6 24. Nc1 Ra3 25. Qc2 Rfa8 26. Rd1 Nc5 27. Bf1 Na6 28. b4 Nc7 29. Rb2 R8a4 30. c5 Qc6 31. Nb3 Qd7 32. Be1 Nb5 33. Bc4 Kg7 34. Qd3 Nc7 35. Qe2 Qc6 36. Na5 Bxc4 37. Nxc4 Rxh3 38. f3 Ne6 39. Qf1 Nf4 40. Nb6 Ra3 41. Rf2 Rg3+ 42. Kh2 Qe6 43. Nc4 Rh3+ 44. Kg1 Raxf3 45. Rxf3 Qxg4+ 46. Bg3 hxg3 47. Rxf4 gxf4 48. Nd2 g2 0-1

[Event "Biel HTO 55th"]
[Site "Biel"]
[Date "2022.07.15"]
[Round "3"]
[White "Nezad, Husein Aziz"]
[Black "Popiol, Michal"]
[Result "1-0"]
[WhiteElo "2380"]
[BlackElo "2118"]
[PlyCount "101"]
[EventDate "2022.07.13"]
[EventType "swiss"]
[EventRounds "9"]
[EventCountry "SUI"]
[SourceTitle "CBM 209 Extra"]
[Source "ChessBase"]
[SourceDate "2022.09.30"]
[SourceVersion "1"]
[SourceVersionDate "2022.09.30"]
[SourceQuality "1"]

1. d4 Nf6 2. c4 g6 3. Nc3 Bg7 4. e4 d6 5. Nf3 0-0 6. Be2 e5 7. 0-0 Nc6 8. d5 Ne7 9. b4 a5 10. bxa5 Rxa5 11. a4 b6 12. Bd2 Ra8 13. Ra3 h6 14. Qc1 Kh7 15. a5 bxa5 16. Qc2 Ne8 17. Rfa1 f5 18. Bd3 c6 19. dxc6 Nxc6 20. Nd5 Be6 21. h4 f4 22. Qa4 Bd7 23. Qd1 g5 24. hxg5 hxg5 25. Nh2 Nf6 26. Be2 Kg8 27. Nxf6+ Rxf6 28. Bg4 Be8 29. Bf5 Nd4 30. Bxa5 Qe7 31. Ng4 Rf8 32. Bb4 Rxa3 33. Rxa3 Bf7 34. Rh3 Rb8 35. Bc3 Bxc4 36. Bxd4 exd4 37. Rh7 d3 38. Bg6 Qe6 39. Bf5 Qe7 40. Bg6 Qe6 41. Rxg7+ Kxg7 42. Bf5 Qe7 43. Qa1+ Kf8 44. Qh8+ Bg8 45. Qh6+ Ke8 46. Nf6+ Kd8 47. Nxg8 d2 48. Nxe7 d1Q+ 49. Kh2 Kxe7 50. Qg7+ Ke8 51. Qg8+ 1-0

[Event "Ustron op-B"]
[Site "Ustron"]
[Date "2021.08.15"]
[Round "4"]
[White "Popiol, Michal"]
[Black "Malaczek, Mateusz"]
[Result "0-1"]
[WhiteElo "2137"]
[BlackElo "2018"]
[PlyCount "122"]
[EventDate "2021.08.13"]
[EventType "swiss"]
[EventRounds "9"]
[EventCountry "POL"]
[SourceTitle "CBM 204 Extra"]
[Source "ChessBase"]
[SourceDate "2021.11.30"]
[SourceVersion "1"]
[SourceVersionDate "2021.11.30"]
[SourceQuality "1"]

1. e4 g6 2. d4 Bg7 3. Nc3 d6 4. Be3 a6 5. g4 b5 6. Bg2 Bb7 7. h4 b4 8. Nce2 Nf6 9. Ng3 h5 10. gxh5 Nxh5 11. Nxh5 Rxh5 12. Bf3 Rh8 13. h5 gxh5 14. e5 Qc8 15. Rxh5 Rxh5 16. Bxb7 Qxb7 17. Qxh5 Qe4 18. Nf3 Nc6 19. Ng5 Qf5 20. f4 e6 21. 0-0-0 Ne7 22. Rg1 Nd5 23. Nxe6 Qxe6 24. Rxg7 0-0-0 25. f5 Qd7 26. e6 Qb5 27. Qf3 f6 28. Bh6 Qc4 29. Qd3 Qxa2 30. Kd2 Kb8 31. Qb3 Qa5 32. Qc4 Rh8 33. Rg6 Nb6 34. Qd3 b3+ 35. Ke2 bxc2 36. Qxc2 Qb5+ 37. Kf2 Nd5 38. b3 Nb4 39. Qe4 Nd5 40. e7 Nxe7 41. Rxf6 Nd5 42. Rf8+ Rxf8 43. Bxf8 Qxb3 44. Bg7 Nc3 45. Qe8+ Kb7 46. f6 Qc2+ 47. Kf3 Qf5+ 48. Ke3 Nd5+ 49. Kd2 Nxf6 50. Bxf6 Qxf6 51. Qe4+ Ka7 52. Kc3 c5 53. Qc6 Qxd4+ 54. Kc2 Qf2+ 55. Kc3 Qf6+ 56. Kc2 Qe7 57. Kc1 a5 58. Kc2 Qd8 59. Kc3 Qb6 60. Qd7+ Ka6 61. Kc4 Qb4+ 0-1

[Event "Ustron op-B"]
[Site "Ustron"]
[Date "2021.08.14"]
[Round "2"]
[White "Popiol, Michal"]
[Black "Jedrusik, Adam"]
[Result "1/2-1/2"]
[WhiteElo "2137"]
[BlackElo "2009"]
[PlyCount "88"]
[EventDate "2021.08.13"]
[EventType "swiss"]
[EventRounds "9"]
[EventCountry "POL"]
[SourceTitle "CBM 204 Extra"]
[Source "ChessBase"]
[SourceDate "2021.11.30"]
[SourceVersion "1"]
[SourceVersionDate "2021.11.30"]
[SourceQuality "1"]

1. e4 c6 2. d4 d5 3. exd5 cxd5 4. Bd3 Nc6 5. c3 Qc7 6. Ne2 Bg4 7. 0-0 Nf6 8. Qe1 e6 9. Bg5 Bh5 10. f4 Bg6 11. f5 Bd6 12. Bxf6 gxf6 13. fxg6 Bxh2+ 14. Kf2 hxg6 15. Nd2 0-0-0 16. Nf3 Bd6 17. Bb5 e5 18. Bxc6 Qxc6 19. Ke3 Qb5 20. Qb1 Rhe8 21. Kd2 Bf8 22. Rh1 e4 23. Ne1 f5 24. a4 Qa6 25. g3 g5 26. Ng2 Bh6 27. Qf1 Qd3+ 28. Ke1 f4 29. gxf4 gxf4 30. Ngxf4 Bxf4 31. Qxf4 Rg8 32. Rd1 Qc2 33. Qd2 Qxa4 34. Nf4 Rg7 35. Qh2 Qb5 36. Qh3+ Kb8 37. Qf5 Qxb2 38. Qe5+ Ka8 39. Qxg7 Qxc3+ 40. Ke2 Qf3+ 41. Kd2 Qxf4+ 42. Kc2 Rc8+ 43. Kb1 Qf3 44. Rc1 Qb3+ 1/2-1/2

[Event "Krakow op-A 31st"]
[Site "Krakow"]
[Date "2021.01.02"]
[Round "6"]
[White "Lorscheid, Gerhard"]
[Black "Popiol, Michal"]
[Result "1-0"]
[WhiteElo "2199"]
[BlackElo "2142"]
[PlyCount "45"]
[EventDate "2020.12.27"]
[EventType "swiss"]
[EventRounds "9"]
[EventCountry "POL"]
[SourceTitle "CBM 200 Extra"]
[Source "ChessBase"]
[SourceDate "2021.03.31"]
[SourceVersion "1"]
[SourceVersionDate "2021.03.31"]
[SourceQuality "1"]

1. d4 Nf6 2. c4 c5 3. d5 b5 4. Qc2 b4 5. a3 Na6 6. Nf3 d6 7. Bg5 g6 8. Nbd2 Bg7 9. e4 bxa3 10. Rxa3 Nb4 11. Qb1 h6 12. Bf4 g5 13. Bg3 Nh5 14. Be2 e5 15. h4 Nf4 16. hxg5 hxg5 17. Rxh8+ Bxh8 18. Kf1 Qf6 19. Nh2 Qg6 20. Bxf4 exf4 21. Bg4 Bxg4 22. Nxg4 Qh5 23. Rh3 1-0

[Event "Krakow op-A 31st"]
[Site "Krakow"]
[Date "2020.12.30"]
[Round "4"]
[White "Kiolbasa, Oliwia"]
[Black "Popiol, Michal"]
[Result "1-0"]
[WhiteElo "2260"]
[BlackElo "2142"]
[PlyCount "93"]
[EventDate "2020.12.27"]
[EventType "swiss"]
[EventRounds "9"]
[EventCountry "POL"]
[SourceTitle "CBM 200 Extra"]
[Source "ChessBase"]
[SourceDate "2021.03.31"]
[SourceVersion "1"]
[SourceVersionDate "2021.03.31"]
[SourceQuality "1"]

1. e4 c5 2. Nf3 Nc6 3. d4 cxd4 4. Nxd4 g6 5. c4 Bg7 6. Be3 Nf6 7. Nc3 0-0 8. Be2 d6 9. f3 Bd7 10. Qd2 Nxd4 11. Bxd4 Bc6 12. 0-0-0 a6 13. g4 b5 14. h4 Qa5 15. Kb1 e5 16. Be3 b4 17. Nd5 Nxd5 18. cxd5 Bb5 19. h5 Rfc8 20. Rc1 Qa4 21. b3 Qa5 22. Rxc8+ Rxc8 23. Rc1 Rc3 24. Bxb5 Qxb5 25. Rxc3 bxc3 26. Qxc3 Qf1+ 27. Kb2 Qxf3 28. Qc8+ Bf8 29. Bh6 Qf2+ 30. Ka3 Qc5+ 31. Qxc5 dxc5 32. Bxf8 Kxf8 33. Kb2 gxh5 34. gxh5 Ke7 35. Kc3 h6 36. Kd3 Kd7 37. a3 Kc7 38. a4 a5 39. Ke3 Kd6 40. Kf3 f5 41. exf5 Kxd5 42. Ke3 e4 43. f6 Ke6 44. Kxe4 Kxf6 45. Kd5 Kg5 46. Kxc5 Kxh5 47. b4 1-0

[Event "Warsaw Najdorf Memorial op-A 17th"]
[Site "Warsaw"]
[Date "2019.07.11"]
[Round "6"]
[White "Murawko, Katarzyna"]
[Black "Popiol, Michal"]
[Result "1-0"]
[WhiteElo "2057"]
[BlackElo "2187"]
[PlyCount "79"]
[EventDate "2019.07.06"]
[EventType "swiss"]
[EventRounds "9"]
[EventCountry "POL"]
[SourceTitle "CBM 191 Extra"]
[Source "ChessBase"]
[SourceDate "2019.09.30"]
[SourceVersion "1"]
[SourceVersionDate "2019.09.30"]
[SourceQuality "1"]

1. e4 e6 2. d4 d5 3. Nc3 Nf6 4. e5 Nfd7 5. f4 c5 6. Nf3 Nc6 7. Be3 a6 8. Qd2 b5 9. Nd1 b4 10. Be2 Qb6 11. 0-0 cxd4 12. Nxd4 Nxd4 13. Bxd4 Bc5 14. c3 bxc3 15. bxc3 0-0 16. Qe3 a5 17. Nf2 Ba6 18. Bxa6 Bxd4 19. cxd4 Qxa6 20. Nd3 Rac8 21. Rac1 Rc4 22. f5 exf5 23. Rxf5 Rxc1+ 24. Nxc1 Rc8 25. Ne2 Rc2 26. Nc3 Nf8 27. Nxd5 Qc4 28. Ne7+ Kh8 29. Rf1 Qe6 30. Nf5 Qxa2 31. Qe4 Rc8 32. Nd6 Rc7 33. d5 Kg8 34. Qf3 Ng6 35. Nxf7 h6 36. e6 Rc2 37. Nxh6+ Kh7 38. Nf5 Ne5 39. Qh5+ Kg8 40. Ne7# 1-0

[Event "Krakow op-A 29th"]
[Site "Krakow"]
[Date "2019.01.03"]
[Round "8"]
[White "Popiol, Michal"]
[Black "Lee, Qing Aun"]
[Result "0-1"]
[WhiteElo "2169"]
[BlackElo "2297"]
[PlyCount "42"]
[EventDate "2018.12.27"]
[EventType "swiss"]
[EventRounds "9"]
[EventCountry "POL"]
[SourceTitle "CBM 189 Extra"]
[Source "ChessBase"]
[SourceDate "2019.05.31"]
[SourceVersion "1"]
[SourceVersionDate "2019.05.31"]
[SourceQuality "1"]

1. c4 e6 2. Nc3 d5 3. d4 Nf6 4. cxd5 exd5 5. Bg5 Be7 6. Qc2 0-0 7. e3 c6 8. Bd3 h6 9. Bh4 c5 10. Nge2 Nc6 11. a3 Be6 12. Rd1 c4 13. Bf5 Qd7 14. Bxe6 fxe6 15. 0-0 Rf7 16. e4 Nxe4 17. Nxe4 Bxh4 18. Nc5 Qd6 19. Nc3 a6 20. Qe2 Re8 21. Qg4 Bf6 0-1

[Event "Krakow op-A 29th"]
[Site "Krakow"]
[Date "2019.01.02"]
[Round "7"]
[White "Ojas, Kulkarni"]
[Black "Popiol, Michal"]
[Result "0-1"]
[WhiteElo "2282"]
[BlackElo "2169"]
[PlyCount "90"]
[EventDate "2018.12.27"]
[EventType "swiss"]
[EventRounds "9"]
[EventCountry "POL"]
[SourceTitle "CBM 189 Extra"]
[Source "ChessBase"]
[SourceDate "2019.05.31"]
[SourceVersion "1"]
[SourceVersionDate "2019.05.31"]
[SourceQuality "1"]

1. Nf3 Nf6 2. g3 g6 3. b3 c5 4. c4 Bg7 5. Bb2 d5 6. cxd5 Qxd5 7. Bg2 0-0 8. Nc3 Qh5 9. h3 Ne4 10. g4 Nxc3 11. dxc3 Qh6 12. e3 Be6 13. g5 Qh5 14. Nd2 Qxg5 15. Bxb7 Nd7 16. Bxa8 Rxa8 17. Qe2 Nb6 18. h4 Qe5 19. h5 c4 20. hxg6 hxg6 21. Nxc4 Nxc4 22. bxc4 Qa5 23. f4 Rb8 24. Kf2 Qa6 25. Rad1 Bxc4 26. Qd2 Be6 27. Ba1 Qc4 28. Rc1 Qe4 29. Qc2 Qc4 30. Qe2 Qc8 31. c4 Bg4 32. Qc2 Qc6 33. e4 Bxa1 34. Rxa1 Qf6 35. Kg3 Rb2 36. e5 Qb6 37. c5 Qb7 38. Qd3 Qg2+ 39. Kh4 Bf5 40. Qg3 Qe2 41. Qg5 f6 42. exf6 exf6 43. Rae1 fxg5+ 44. Kxg5 Qg2+ 45. Kf6 Re2 0-1

[Event "Krakow op-A 29th"]
[Site "Krakow"]
[Date "2018.12.29"]
[Round "3"]
[White "Popiol, Michal"]
[Black "Nowicki, Bartosz"]
[Result "0-1"]
[WhiteElo "2169"]
[BlackElo "2305"]
[PlyCount "100"]
[EventDate "2018.12.27"]
[EventType "swiss"]
[EventRounds "9"]
[EventCountry "POL"]
[SourceTitle "CBM 188 Extra"]
[Source "ChessBase"]
[SourceDate "2019.02.28"]
[SourceVersion "1"]
[SourceVersionDate "2019.02.28"]
[SourceQuality "1"]

1. c4 d6 2. Nc3 g6 3. e4 e5 4. g3 Bg7 5. Bg2 Nc6 6. d3 Nd4 7. h3 h5 8. Nge2 h4 9. g4 Ne6 10. f4 exf4 11. Nxf4 Be5 12. 0-0 c6 13. Kh1 Nxf4 14. Bxf4 Bxf4 15. Rxf4 g5 16. Rf2 Ne7 17. Qf1 Ng6 18. Rxf7 Nf4 19. Rxf4 gxf4 20. Qxf4 Qe7 21. d4 Bd7 22. e5 dxe5 23. dxe5 0-0-0 24. Ne4 Rhf8 25. Nf6 Be6 26. b3 Qc5 27. Re1 Rd4 28. Ne4 Qb4 29. Qe3 Rd3 30. Qxd3 Qxe1+ 31. Kh2 Rd8 32. Nd6+ Kb8 33. Qe4 Qg3+ 34. Kh1 Rd7 35. Qe2 a5 36. Nf5 Qf4 37. Nxh4 Rd2 38. Qf3 Qxe5 39. Ng6 Qe1+ 40. Kh2 Rxa2 41. Qf8+ Ka7 42. Qc5+ Ka6 43. Nf4 Qe4 44. Kg3 Qe1+ 45. Kh2 Rb2 46. Qd6 Qe4 47. Kg3 Rxb3+ 48. Kh4 Qh7+ 49. Kg5 Bxc4 50. Bxc6 Rb6 0-1